000 00813nam a22002657a 4500
003 CHAP
005 20220329140832.0
008 971013s r 00010 d
010 _a58377
011 _a59349
035 _a63507
040 _cCHAP
090 _aR-2100
100 0 0 _aSamper, Armando.
_9101924
245 _aEstructura del artículo científico agrícola
500 _aSobretiro de: Acta Agronómica (Palmira) 5(4):223-246, 1945
590 _aBATCH-UPD
_b10
_c20130110
_lUCH01
_h1607
590 _aBATCH-UPD
_b10
_c20130410
_lUCH01
_h1003
590 _aBATCH-UPD
_b10
_c20130914
_lUCH01
_h2051
590 _aCONVERSION
_b10
_c20130109
_lUCH01
_h1331
650 1 4 _aTrabajos científicos
_xElaboración.
_9114562
901 _aBK
942 _cREIMP
949 _aR-2100
_bBC
_cR
_d-136410
_eTS1
_i63507
_si
999 _c58377
_d58377